<?xml version="1.0" encoding="UTF-8"?>
<record
    xmlns:xsi="http://www.w3.org/2001/XMLSchema-instance"
    xsi:schemaLocation="http://www.loc.gov/MARC21/slim http://www.loc.gov/standards/marcxml/schema/MARC21slim.xsd"
    xmlns="http://www.loc.gov/MARC21/slim">

  <leader>03651cam a2200457 i 4500</leader>
  <datafield tag="999" ind1=" " ind2=" ">
    <subfield code="c">3035</subfield>
    <subfield code="d">3035</subfield>
  </datafield>
  <controlfield tag="006">m     o  d        </controlfield>
  <controlfield tag="007">cr cnu---unuuu</controlfield>
  <controlfield tag="008">220603t20232023enka    ob    001 0 eng c</controlfield>
  <datafield tag="020" ind1=" " ind2=" ">
    <subfield code="a">9781003275374</subfield>
    <subfield code="q">(electronic book)</subfield>
  </datafield>
  <datafield tag="020" ind1=" " ind2=" ">
    <subfield code="a">1003275370</subfield>
    <subfield code="q">(electronic book)</subfield>
  </datafield>
  <datafield tag="020" ind1=" " ind2=" ">
    <subfield code="a">9781000619119</subfield>
    <subfield code="q">(electronic book)</subfield>
  </datafield>
  <datafield tag="020" ind1=" " ind2=" ">
    <subfield code="a">1000619117</subfield>
    <subfield code="q">(electronic book)</subfield>
  </datafield>
  <datafield tag="020" ind1=" " ind2=" ">
    <subfield code="a">9781000619195</subfield>
    <subfield code="q">(electronic book)</subfield>
  </datafield>
  <datafield tag="020" ind1=" " ind2=" ">
    <subfield code="a">1000619192</subfield>
    <subfield code="q">(electronic book)</subfield>
  </datafield>
  <datafield tag="020" ind1=" " ind2=" ">
    <subfield code="q">(hardback)</subfield>
  </datafield>
  <datafield tag="020" ind1=" " ind2=" ">
    <subfield code="q">(hardback)</subfield>
  </datafield>
  <datafield tag="020" ind1=" " ind2=" ">
    <subfield code="q">(paperback)</subfield>
  </datafield>
  <datafield tag="020" ind1=" " ind2=" ">
    <subfield code="q">(paperback)</subfield>
  </datafield>
  <datafield tag="040" ind1=" " ind2=" ">
    <subfield code="a">KO</subfield>
    <subfield code="b">eng</subfield>
  </datafield>
  <datafield tag="040" ind1=" " ind2=" ">
    <subfield code="a">KO</subfield>
    <subfield code="b">eng</subfield>
    <subfield code="e">rda</subfield>
    <subfield code="e">pn</subfield>
  </datafield>
  <datafield tag="041" ind1="0" ind2=" ">
    <subfield code="a">eng</subfield>
  </datafield>
  <datafield tag="082" ind1="0" ind2="4">
    <subfield code="a">346.04/695616</subfield>
    <subfield code="2">23/eng/20220531</subfield>
  </datafield>
  <datafield tag="100" ind1="1" ind2=" ">
    <subfield code="a">Lothian, Sarah Louise,</subfield>
  </datafield>
  <datafield tag="245" ind1="1" ind2="0">
    <subfield code="a">Marine conservation and international law :</subfield>
    <subfield code="b">legal instruments for biodiversity beyond national jurisdiction /</subfield>
  </datafield>
  <datafield tag="260" ind1=" " ind2=" ">
    <subfield code="a">London :</subfield>
    <subfield code="b">Routledge,</subfield>
    <subfield code="c">2023</subfield>
  </datafield>
  <datafield tag="300" ind1=" " ind2=" ">
    <subfield code="a">1 online resource (xvi, 304 pages) :</subfield>
    <subfield code="b">illustrations</subfield>
  </datafield>
  <datafield tag="490" ind1="1" ind2=" ">
    <subfield code="a">Routledge research in international environmental law</subfield>
  </datafield>
  <datafield tag="505" ind1="0" ind2=" ">
    <subfield code="a">The promise and limits of international legal protection of BBNJ -- The Grotian tradition and its place in the BBNJ negotiations -- Is it a case of history repeating itself? -- A principled backbone : the potential role of modern governance principles and approaches in an ILBI -- A blueprint for Blue Gold : the search for planks of compromise in an ILBI -- Caught in a geopolitical undertow : marine protected areas beyond national jurisdiction -- Environmental impact assessments : devising a recipe for environmentally sustainable decision-making under an ILBI -- Time to wake the sleeping giant : implementing capacity-building and marine technology transfer in an ILBI -- A bridge to the future protection of BBNJ.</subfield>
  </datafield>
  <datafield tag="520" ind1=" " ind2=" ">
    <subfield code="a">"This book provides a blueprint for an international legally binding instrument (ILBI) for the conservation and sustainable use of marine biodiversity beyond national jurisdiction (BBNJ). The development of an ILBI could signify a pivotal turning point in the law of the sea by addressing regulatory, governance and institutional gaps and deficiencies in the existing international law framework for BBNJ. This book analyses the essential components an ILBI will require to effectively conserve and sustainably use BBNJ, focusing on marine genetic resources, area based management tools, environmental impact assessments, capacity-building and marine technology transfer. It investigates potential areas of compromise, as the success of an ILBI will rely upon the support of a powerful bloc of maritime states, principally the United States, the United Kingdom, Russia, the Netherlands, France and Japan. This bloc of States has historically been the strongest proponent of the Grotian doctrine of freedom of the seas as it aligns with their predominant interest to preserve navigational freedom for their merchant and military fleets. Accordingly, this book assesses the extent to which the Grotian doctrine continues to exert influence on the development of the law of the sea and the development of an ILBI"--Publisher's description.</subfield>
  </datafield>
  <datafield tag="650" ind1=" " ind2="0">
    <subfield code="a">Marine resources conservation</subfield>
    <subfield code="x">Law and legislation.</subfield>
  </datafield>
  <datafield tag="650" ind1=" " ind2="0">
    <subfield code="a">Marine biodiversity conservation</subfield>
    <subfield code="x">Law and legislation.</subfield>
  </datafield>
  <datafield tag="650" ind1=" " ind2="0">
    <subfield code="a">Law of the sea.</subfield>
  </datafield>
  <datafield tag="650" ind1=" " ind2="0">
    <subfield code="a">Environmental law, International.</subfield>
  </datafield>
  <datafield tag="650" ind1=" " ind2="0">
    <subfield code="a">Continental shelf</subfield>
    <subfield code="x">Law and legislation.</subfield>
  </datafield>
  <datafield tag="830" ind1=" " ind2="0">
    <subfield code="a">Routledge research in international environmental law.</subfield>
  </datafield>
  <datafield tag="852" ind1=" " ind2=" ">
    <subfield code="a">KO</subfield>
  </datafield>
  <datafield tag="856" ind1="4" ind2="0">
    <subfield code="u">https://www.taylorfrancis.com/books/e/9781003275374</subfield>
  </datafield>
  <datafield tag="904" ind1=" " ind2=" ">
    <subfield code="a">RUDRA_R</subfield>
  </datafield>
  <datafield tag="905" ind1=" " ind2=" ">
    <subfield code="a">R_RANJAN</subfield>
  </datafield>
  <datafield tag="942" ind1=" " ind2=" ">
    <subfield code="c">EB</subfield>
  </datafield>
</record>
